Toshie:A story of village life in twentieth century Japan (Record no. 1319243)
[ view plain ]
| 000 -LEADER | |
|---|---|
| fixed length control field | 00634nam a2200205Ia 4500 |
| 005 - DATE AND TIME OF LATEST TRANSACTION | |
| control field | 20250507130348.0 |
| 008 - FIXED-LENGTH DATA ELEMENTS--GENERAL INFORMATION | |
| fixed length control field | 008 250505s9999 xx 000 0 eng d |
| 020 ## - INTERNATIONAL STANDARD BOOK NUMBER | |
| International Standard Book Number | 1920288028536 |
| 037 ## - SOURCE OF ACQUISITION | |
| Stock number | Annuals, Advances |
| 040 ## - CATALOGING SOURCE | |
| Original cataloging agency | EASL |
| Language of cataloging | eng |
| Transcribing agency | EASL |
| 041 ## - LANGUAGE CODE | |
| Language code of text/sound track or separate title | eng |
| Source of code | eng |
| 084 ## - COLON CLASSIFICATION NUMBER | |
| Classification number | Y2-31.42.P0, P4 |
| Assigning agency | EASL |
| 100 ## - MAIN ENTRY--PERSONAL NAME | |
| Personal name | Partner Simon Au. |
| 9 (RLIN) | 665302 |
| 245 #0 - TITLE STATEMENT | |
| Title | Toshie:A story of village life in twentieth century Japan |
| 260 ## - PUBLICATION, DISTRIBUTION, ETC. | |
| Place of publication, distribution, etc. | USA |
| Name of publisher, distributor, etc. | Berkeley University of California press |
| Date of publication, distribution, etc. | 2004 |
| 300 ## - PHYSICAL DESCRIPTION | |
| Extent | xv,195p. |
| 365 ## - TRADE PRICE | |
| Price type code | Y |
| Price amount | 2,995 |
| 942 ## - ADDED ENTRY ELEMENTS (KOHA) | |
| Koha item type | Textual |
| Classification part | Y2-31.42.P0, P4 |
No items available.
